000 00720nam a2200205Ii 4500
003 JO-AjNU
008 230605s9999||||xx |||||||||||||| ||und||
040 _aJO-AjNU
_bara
_erda
_cJO-AjNU
041 _aara
050 1 4 _aBP135.A2.O5213 2000
100 3 _aعميرات، زكريا ؛ ترجمة غروب عبد الرحمن,
_eauthor
_956497
245 0 0 _aالأحاديث القدسية الصحيحة = The Authentic Holy Hadiths
250 _aط1
264 3 1 _aبيروت: دار الكتب العلمية، 2000
300 _a703ص
336 _atext
_btxt
_2rdacontent
337 _aunmediated
_bn
_2rdamedia
338 _avolume
_bnc
_2rdacarrier
650 4 _aالاحاديث القدسية- نصوص
_956498
999 _aA25261
_c28829
_d28829